Mestám, obciam, regiónom ... odborný adresár dodávateľov pre obecné, mestské úrady, VÚC
| New Title: | City & hotels ... |
|---|---|
| Format: | Serial |
| Language: | Slovak |
| PhysicalDescription: | 20 zv. 30 cm |
| Published: |
Martin
Joma
[2000]-2020
Martin Jozef Čurilla - JOMA Vrútky Joma Travel Vrútky |
| ISBN: | 9788089449132 (brož. : r. 2015) 8096941011 (brož. : r. 2006) 809694102X (brož. : r. 2007) 9788096941056 (brož. : r. 2008) 9788096941070 (brož. : r. 2009) 9788089449002 (brož. : r. 2010) 9788089449019 (brož. : r. 2011) 9788089449064 (brož. : r. 2012) 9788089449095 (brož. : r. 2013) 9788089449125 (brož. : r. 2014) 9788089449170 (brož. : r. 2016) 9788089449217 (brož. : r. 2017) 9788089449224 (brož. : r. 2018) 9788089449248 (brož. : r. 2019) 9788089449279 (brož. : r. 2020) |
| Subjects: |
MARC
| LEADER | 00000cas a2200000 a 4500 | ||
|---|---|---|---|
| 001 | vtls011134424 | ||
| 003 | SK-MaSNL | ||
| 005 | 20260425194034.0 | ||
| 008 | 160430d20002020xo ar r 000 b0slo | ||
| 015 | |a SNBB2015-(r. 2015) |a SNBB2016-(r. 2006, r. 2007, r. 2008, r. 2009, r. 2010, r. 2011, r. 2012, r. 2013, r. 2014, r. 2016) |a SNBB2018-(r. 2017, r, 2018) |a SNBB2020-(r. 2019, r. 2020) | ||
| 020 | |a 9788089449132 (brož. : r. 2015) | ||
| 020 | |a 8096941011 (brož. : r. 2006) | ||
| 020 | |a 809694102X (brož. : r. 2007) | ||
| 020 | |a 9788096941056 (brož. : r. 2008) | ||
| 020 | |a 9788096941070 (brož. : r. 2009) | ||
| 020 | |a 9788089449002 (brož. : r. 2010) | ||
| 020 | |a 9788089449019 (brož. : r. 2011) | ||
| 020 | |a 9788089449064 (brož. : r. 2012) | ||
| 020 | |a 9788089449095 (brož. : r. 2013) | ||
| 020 | |a 9788089449125 (brož. : r. 2014) | ||
| 020 | |a 9788089449170 (brož. : r. 2016) | ||
| 020 | |a 9788089449217 (brož. : r. 2017) | ||
| 020 | |a 9788089449224 (brož. : r. 2018) | ||
| 020 | |a 9788089449248 (brož. : r. 2019) | ||
| 020 | |a 9788089449279 (brož. : r. 2020) | ||
| 040 | |a SNK |b slo |c SNK |e AACR2 | ||
| 041 | 0 | |a slo | |
| 043 | |a e-xo--- | ||
| 044 | |a xo |c SK | ||
| 072 | 7 | |a 352/354 |x Stupne miestnej, oblastnej a ústrednej správy |2 konspekt | |
| 072 | 7 | |a 334 |x Formy organizácie a spolupráce v ekonomike |2 konspekt | |
| 072 | 7 | |a 050 |x Seriálové publikácie. Periodiká |2 konspekt | |
| 080 | |a 050 |2 2011 | ||
| 080 | |a 658.7-057.188 |2 2011 | ||
| 080 | |a 334.72 |2 2011 | ||
| 080 | |a 338.46 |2 2011 | ||
| 080 | |a (437.6) |2 2011 | ||
| 080 | |a (058.7) |2 2011 | ||
| 080 | |a 353.9 |2 2011 | ||
| 080 | |a (036) |2 2011 | ||
| 245 | 0 | 0 | |a Mestám, obciam, regiónom ... |b odborný adresár dodávateľov pre obecné, mestské úrady, VÚC |
| 260 | |a Martin |b Joma |c [2000]-2020 | ||
| 260 | 2 | |3 2003-2008 |a Martin |b Jozef Čurilla - JOMA | |
| 260 | 2 | |3 2009-2014 |a Vrútky |b Jozef Čurilla - JOMA | |
| 260 | 3 | |3 2015-2020 |a Vrútky |b Joma Travel | |
| 300 | |a 20 zv. |c 30 cm | ||
| 310 | |a 1x ročne | ||
| 362 | 0 | |a 2001-2020 | |
| 500 | |a Názov z obalu | ||
| 500 | |a Súčasťou názvových údajov je označenie kalendárneho roku | ||
| 500 | |a Podnázov v roku 2019-2020: odborný adresár dodávateľov pre obecné, mestské úrady, VÚC, AVS | ||
| 610 | 2 | 7 | |a Združenie miest a obcí Slovenska |2 SNKKA |9 30200 |
| 650 | 0 | 7 | |a dodávatelia |2 SNKPH |9 2072 |
| 650 | 0 | 7 | |a Suppliers |2 SNKPHeng |9 266546 |
| 650 | 0 | 7 | |a firmy |2 SNKPH |9 2190 |
| 650 | 0 | 7 | |a Business enterprises |2 SNKPHeng |9 265529 |
| 650 | 0 | 7 | |a služby |2 SNKPH |9 2356 |
| 650 | 0 | 7 | |a Services industries |2 SNKPHeng |9 266547 |
| 650 | 0 | 7 | |a Regional administration |2 SNKPHeng |9 266548 |
| 650 | 0 | 7 | |a územná samospráva |2 SNKPH |9 802 |
| 651 | 7 | |a Slovensko |2 SNKPHgeo |9 14231 | |
| 651 | 7 | |a Slovakia |2 SNKPHeng |9 92630 | |
| 655 | 7 | |a adresáre |2 SNKPH |9 70415 | |
| 655 | 7 | |a Directories |2 SNKPHeng |9 265213 | |
| 655 | 7 | |a informačné publikácie |2 SNKPH |9 70181 | |
| 655 | 7 | |a Information publications |2 SNKPHeng |9 265188 | |
| 785 | 0 | 0 | |t City & hotels ... |w vtls012231899 |
| 910 | |a snk | ||
| 919 | |a 978-80-89449-13-2 | ||
| 919 | |a 80-969410-1-1 | ||
| 919 | |a 80-969410-2-X | ||
| 919 | |a 978-80-969410-5-6 | ||
| 919 | |a 978-80-969410-7-0 | ||
| 919 | |a 978-80-89449-00-2 | ||
| 919 | |a 978-80-89449-01-9 | ||
| 919 | |a 978-80-89449-06-4 | ||
| 919 | |a 978-80-89449-09-5 | ||
| 919 | |a 978-80-89449-12-5 | ||
| 919 | |a 978-80-89449-17-0 | ||
| 919 | |a 978-80-89449-21-7 | ||
| 919 | |a 978-80-89449-22-4 | ||
| 919 | |a 978-80-89449-24-8 | ||
| 919 | |a 978-80-89449-27-9 | ||
| 999 | |c 2346 |d 4276 | ||
| 952 | |a SNK |b SNK |y PREZ |7 0 |p 17A1173962 |o snkČSB 6088/2015 |i snk2015/30300 |8 0 |0 0 |1 0 |4 0 |d 2015-11-04 |l 0 |r 2026-02-21 21:05:18 |w 2026-02-21 | ||
| 952 | |a SNK |b SNK |y PREZ |7 0 |p 17A1173963 |o snkČSB 6088/2015 D1 |i snk2015/30301 |8 0 |0 0 |1 0 |4 0 |d 2015-11-04 |l 0 |r 2026-02-21 21:05:18 |w 2026-02-21 | ||
| 952 | |a SNK |b SNK |y PREZ |7 0 |p 17A1098175 |o snkČSB 6088/2012 D1 |i snk2016/4031 |8 0 |0 0 |1 0 |4 0 |d 2016-02-15 |l 0 |r 2026-02-21 21:44:30 |w 2026-02-21 | ||
| 952 | |a SNK |b SNK |y PREZ |7 0 |p 17A1098176 |o snkČSB 6088/2013 |i snk2016/4033 |8 0 |0 0 |1 0 |4 0 |d 2016-02-15 |l 0 |r 2026-02-21 21:44:30 |w 2026-02-21 | ||
| 952 | |a SNK |b SNK |y PREZ |7 0 |p 17A1098177 |o snkČSB 6088/2013 D1 |i snk2016/4034 |8 0 |0 0 |1 0 |4 0 |d 2016-02-15 |l 0 |r 2026-02-21 21:44:30 |w 2026-02-21 | ||
| 952 | |a SNK |b SNK |y PREZ |7 0 |p 17A1098178 |o snkČSB 6088/2014 |i snk2016/4036 |8 0 |0 0 |1 0 |4 0 |d 2016-02-15 |l 0 |r 2026-02-21 21:44:30 |w 2026-02-21 | ||
| 952 | |a SNK |b SNK |y PREZ |7 0 |p 17A1098179 |o snkČSB 6088/2014 D1 |i snk2016/4039 |8 0 |0 0 |1 0 |4 0 |d 2016-02-15 |l 0 |r 2026-02-21 21:44:30 |w 2026-02-21 | ||
| 952 | |a SNK |b SNK |y PREZ |7 0 |p 17A1430653 |o snkČSB 6088/2020 |i snk2020/12239 |8 0 |z Vydané: febr. 2020 (20. vydanie) |0 0 |1 0 |4 0 |d 2020-07-08 |l 0 |r 2026-02-21 22:01:58 |w 2026-02-21 | ||
| 952 | |a SNK |b SNK |y PREZ |7 0 |p 17A1430654 |o snkČSB 6088/2020 D1 |i snk2020/12240 |8 0 |z Vydané: febr. 2020 (20. vydanie) |0 0 |1 0 |4 0 |d 2020-07-08 |l 0 |r 2026-02-21 22:01:58 |w 2026-02-21 | ||
| 952 | |a SNK |b SNK |y PREZ |7 0 |p 17A1084969 |o snkČSB 6088/2006 |i snk2016/3941 |8 0 |0 0 |1 0 |4 0 |d 2016-02-15 |l 0 |r 2026-02-21 22:02:18 |w 2026-02-21 | ||
| 952 | |a SNK |b SNK |y PREZ |7 0 |p 17A1084970 |o snkČSB 6088/2006 D1 |i snk2016/3942 |8 0 |0 0 |1 0 |4 0 |d 2016-02-15 |l 0 |r 2026-02-21 22:02:18 |w 2026-02-21 | ||
| 952 | |a SNK |b SNK |y PREZ |7 0 |p 17A1084968 |o snkČSB 6088/2007 |i snk2016/3947 |8 0 |0 0 |1 0 |4 0 |d 2016-02-15 |l 0 |r 2026-02-21 22:02:18 |w 2026-02-21 | ||
| 952 | |a SNK |b SNK |y PREZ |7 0 |p 17A1084967 |o snkČSB 6088/2007 D1 |i snk2016/3963 |8 0 |0 0 |1 0 |4 0 |d 2016-02-15 |l 0 |r 2026-02-21 22:02:18 |w 2026-02-21 | ||
| 952 | |a SNK |b SNK |y PREZ |7 0 |p 17A1084966 |o snkČSB 6088/2008 |i snk2016/3967 |8 0 |0 0 |1 0 |4 0 |d 2016-02-15 |l 0 |r 2026-02-21 22:02:18 |w 2026-02-21 | ||
| 952 | |a SNK |b SNK |y PREZ |7 0 |p 17A1084965 |o snkČSB 6088/2008 D1 |i snk2016/3972 |8 0 |0 0 |1 0 |4 0 |d 2016-02-15 |l 0 |r 2026-02-21 22:02:18 |w 2026-02-21 | ||
| 952 | |a SNK |b SNK |y PREZ |7 0 |p 17A1084964 |o snkČSB 6088/2009 |i snk2016/3978 |8 0 |0 0 |1 0 |4 0 |d 2016-02-15 |l 0 |r 2026-02-21 22:02:22 |w 2026-02-21 | ||
| 952 | |a SNK |b SNK |y PREZ |7 0 |p 17A1084963 |o snkČSB 6088/2009 D1 |i snk2016/3981 |8 0 |0 0 |1 0 |4 0 |d 2016-02-15 |l 0 |r 2026-02-21 22:02:22 |w 2026-02-21 | ||
| 952 | |a SNK |b SNK |y PREZ |7 0 |p 17A1084962 |o snkČSB 6088/2010 |i snk2016/4001 |8 0 |0 0 |1 0 |4 0 |d 2016-02-15 |l 0 |r 2026-02-21 22:02:22 |w 2026-02-21 | ||
| 952 | |a SNK |b SNK |y PREZ |7 0 |p 17A1084961 |o snkČSB 6088/2010 D1 |i snk2016/4003 |8 0 |0 0 |1 0 |4 0 |d 2016-02-15 |l 0 |r 2026-02-21 22:02:22 |w 2026-02-21 | ||
| 952 | |a SNK |b SNK |y PREZ |7 0 |p 17A1098172 |o snkČSB 6088/2011 |i snk2016/4007 |8 0 |0 0 |1 0 |4 0 |d 2016-02-15 |l 0 |r 2026-02-21 22:02:22 |w 2026-02-21 | ||
| 952 | |a SNK |b SNK |y PREZ |7 0 |p 17A1098173 |o snkČSB 6088/2011 D1 |i snk2016/4008 |8 0 |0 0 |1 0 |4 0 |d 2016-02-15 |l 0 |r 2026-02-21 22:02:22 |w 2026-02-21 | ||
| 952 | |a SNK |b SNK |y PREZ |7 0 |p 17A1098174 |o snkČSB 6088/2012 |i snk2016/4011 |8 0 |0 0 |1 0 |4 0 |d 2016-02-15 |l 0 |r 2026-02-21 22:02:22 |w 2026-02-21 | ||
| 952 | |a SNK |b SNK |y PREZ |7 0 |p 17A1339733 |o snkČSB 6088/2018 |i snk2018/27643 |8 0 |0 0 |1 0 |4 0 |d 2018-12-19 |l 0 |r 2026-02-21 22:13:31 |w 2026-02-21 | ||
| 952 | |a SNK |b SNK |y PREZ |7 0 |p 17A1339757 |o snkČSB 6088/2018 D1 |i snk2018/27644 |8 0 |0 0 |1 0 |4 0 |d 2018-12-28 |l 0 |r 2026-02-21 22:20:21 |w 2026-02-21 | ||
| 952 | |a SNK |b SNK |y PREZ |7 0 |p 17A1204405 |o snkČSB 6088/2016 |i snk2016/28202 |8 0 |0 0 |1 0 |4 0 |d 2016-12-06 |l 0 |r 2026-02-21 22:24:41 |w 2026-02-21 | ||
| 952 | |a SNK |b SNK |y PREZ |7 0 |p 17A1204406 |o snkČSB 6088/2016 D1 |i snk2016/28203 |8 0 |0 0 |1 0 |4 0 |d 2016-12-06 |l 0 |r 2026-02-21 22:24:41 |w 2026-02-21 | ||
| 952 | |a SNK |b SNK |y PREZ |7 0 |p 17A1266665 |o snkČSB 6088/2017 |i snk2018/2082 |8 0 |0 0 |1 0 |4 0 |d 2018-01-24 |l 0 |r 2026-02-21 22:25:51 |w 2026-02-21 | ||
| 952 | |a SNK |b SNK |y PREZ |7 0 |p 17A1266666 |o snkČSB 6088/2017 D1 |i snk2018/2083 |8 0 |0 0 |1 0 |4 0 |d 2018-01-24 |l 0 |r 2026-02-21 22:25:51 |w 2026-02-21 | ||
| 952 | |a SNK |b SNK |y PREZ |7 0 |p 17A1386744 |o snkČSB 6088/2019 |i snk2020/4051 |8 0 |0 0 |1 0 |4 0 |d 2020-02-19 |l 0 |r 2026-02-21 22:29:33 |w 2026-02-21 | ||


